La Faculté de Droit de Paris aux XVIIe et XVIIIe siècles

Salvato in:
Dettagli Bibliografici
Autore principale: Lemasne-Desjobert, Marie-Antoinette (Autore)
Natura: Libro
Lingua:francese
Pubblicazione: París Chez Cujas 1966
Soggetti:
Tags: Aggiungi Tag
Nessun Tag, puoi essere il primo ad aggiungerne!!

MARC

LEADER 00000nam a2200000 a 4500
001 UCR2735
003 CL-VaPUC
008 980116e19660000FR |||||||||||||||||fre|d
082 0 4 |a 340.07  |b LEM  |2 21 
100 0 |a Lemasne-Desjobert, Marie-Antoinette  |e author  |9 401053 
245 1 3 |a La Faculté de Droit de Paris aux XVIIe et XVIIIe siècles 
300 |a 162 p 
942 |c BK 
945 |d 19980116 00:00:00  |a cmena 
260 |a París  |b Chez Cujas  |c 1966 
600 0 7 |a FACULTAD DE DERECHO  |2 CL-VaPUC  |9 401054 
650 0 |a Derecho francés  |9 385145 
650 0 |a Pedagogía jurídica  |9 380883 
650 0 |a Enseñanza del derecho  |9 354184 
650 0 |a Escuelas de derecho  |9 257536 
650 7 |a REFORMA DE LA EDUCACION  |2 CL-VaPUC  |9 333471 
651 0 |a Francia  |9 255157 
651 7 |a PARIS  |2 CL-VaPUC  |9 267097 
583 |a last modification  |c 19980116 00:00:00  |k Rodrigo Vera 
999 |c 265864  |d 265862 
952 |0 0  |1 0  |4 0  |6 340_070000000000000_LEM_1966  |7 0  |8 DER_HIS  |9 296993  |a BIBDER  |b BIBDER  |d 2019-11-20  |i 1935844  |o 340.07 LEM 1966  |p 1935844  |r 2023-01-25  |w 2019-11-20  |x Ubicación 4to Piso  |y BK  |z Estos recursos deben solicitarse con anticipación  |k DER